Lista Pomników historii w Polsce - Statystyki

Ogólne statystyki
  • Ten quiz został rozwiązany 44 razy
  • Średni wynik to 71 z 133
Statystyki odpowiedzi
Miejscowość % Poprawnych
Kraków
100%
Wrocław
100%
Warszawa
93%
Lublin
87%
Białystok
80%
Gdańsk
80%
Jawor
80%
Katowice
80%
Świdnica
80%
Toruń
80%
Gdynia
73%
Gliwice
73%
Jelenia Góra
73%
Nysa
73%
Poznań
73%
Przemyśl
73%
Wieliczka
73%
Bochnia
67%
Częstochowa
67%
Kielce
67%
Łódź
67%
Ozimek
67%
Sulejów
67%
Sulejówek
67%
Żórawina
67%
Brzeg
60%
Czerwińsk nad Wisłą
60%
Duszniki-Zdrój
60%
Góra świętej Anny
60%
Kamieniec Ząbkowicki
60%
Krzeszów
60%
Olesno
60%
Płock
60%
Pułtusk
60%
Srebrna Góra
60%
Strzegom
60%
Tarnowskie Góry
60%
Trzebnica
60%
Tum
60%
Tyniec
60%
Zabrze
60%
Zamość
60%
Żyrardów
60%
Chełmno
53%
Ciechocinek
53%
Grudziądz
53%
Jabłeczna
53%
Janów Podlaski
53%
Kazimierz Dolny
53%
Legnickie Pole
53%
Leżajsk
53%
Lidzbark Warmiński
53%
Malbork
53%
Olsztyn
53%
Puławy
53%
Stary Sącz
53%
Wałbrzych
53%
Włocławek
53%
Biskupin
47%
Gniezno
47%
Kamień Pomorski
47%
Kanał Augustowski
47%
Kanał Elbląski
47%
Łańcut
47%
Łowicz
47%
Małujowice
47%
Nowy Wiśnicz
47%
Paczków
47%
Pszczyna
47%
Radom
47%
Radruż
47%
Stargard Szczeciński
47%
Szalowa
47%
Ziębice
47%
Bohoniki i Kruszyniany
40%
Frombork
40%
Kalwaria Zebrzydowska
40%
Klępsk
40%
Kwidzyn
40%
Nieborów i Arkadia
40%
Oblęgorek
40%
Opatów
40%
Pelplin
40%
Racławice
40%
Rytwiany
40%
Sandomierz
40%
Staniątki
40%
Święta Lipka
40%
Grunwald
33%
Kołbacz
33%
Kórnik
33%
Kozłówka
33%
Krzemionki Opatowskie
33%
Ląd nad Wartą
33%
Łęknica
33%
Orawka
33%
Rydzyna
33%
Tykocin
33%
Wąchock
33%
Wiślica
33%
Bóbrka
27%
Krasiczyn
27%
Strzelno
27%
Supraśl
27%
Gostyń
20%
Lubiń
20%
Lubostroń
20%
Międzyrzecz
20%
Rogalin
20%
Rokitno
20%
Stoczek
20%
Święty Krzyż
20%
Ujazd
20%
Dobrzyca
13%
Gościkowo
13%
Koszuty
13%
Rybitwy
13%
Trzebiechów
13%
Żagań
13%
Nie znaleziono quizów pasujących do podanych kryteriów
Rozkład punktacji
Procent ludzi z każdym wynikiem
Percentyl według liczby udzielonych odpowiedzi
Twoja historia wyników
Nie rozwiązałeś tego quizu